Statystyki dla Państwa kontynentalne

Kliknij tutaj aby rozwiązać quiz!

Ogólne statystyki

  • Ten quiz został rozwiązany 131 razy
    (97 od ostatniego zresetowania)
  • Średni wynik to 8 z 13

Statystyki odpowiedzi

Państwa% Poprawnych
Rosja
96%
Turcja
81%
Francja
74%
Stany Zjednoczone (wyspy)
74%
Hiszpania (wyspy)
69%
Wielka Brytania (wyspy)
65%
Kazachstan
64%
Egipt (Synaj)
60%
Dania (Grenlandia)
54%
Portugalia (wyspy)
49%
Panama (kanał Panamski)
44%
Holandia (wyspy)
32%
Norwegia (wyspy)
25%

Rozkład punktacji

Percentyl według liczby udzielonych odpowiedzi

Procent ludzi z każdym wynikiem

Twoja historia wyników

Nie rozwiązałeś tego quizu od ostatniego zresetowania